000
00272nam a22001217a 4500
008
181105b xxu||||| |||| 00| 0 eng d
041
_a
eng
080
_a
616.5
100
_a
7
101
_a
DER
245
_a
Skin signs of Systematic Disease
_c
Braverman
942
_2
udc
_c
BK
999
_c
51874
_d
51874